Nani aasane gharat (Record no. 3783)

MARC details
000 -LEADER
fixed length control field 00516cam a2200205ua 4500
001 - CONTROL NUMBER
control field 3963
005 - DATE AND TIME OF LATEST TRANSACTION
control field 20260515113748.0
008 - FIXED-LENGTH DATA ELEMENTS--GENERAL INFORMATION
fixed length control field 150224n ii |||gr||||Z||||||asm
040 ## - CATALOGING SOURCE
Transcribing agency MAIN
041 ## - LANGUAGE CODE
Language code of text/sound track or separate title asm
082 ## - DEWEY DECIMAL CLASSIFICATION NUMBER
Classification number 891.4511
100 ## - MAIN ENTRY--PERSONAL NAME
Personal name Bhattacharjya, Nalinidhar,
245 ## - TITLE STATEMENT
Title Nani aasane gharat
Statement of responsibility, etc. by Nalinidhar Bhattacharjya
250 ## - EDITION STATEMENT
Edition statement 1st.
260 ## - PUBLICATION, DISTRIBUTION, ETC.
Place of publication, distribution, etc. Guwahati:
Name of publisher, distributor, etc. Chetana prakash,996.
300 ## - PHYSICAL DESCRIPTION
Extent 79p:
Dimensions 23cm.
653 ## - INDEX TERM--UNCONTROLLED
Uncontrolled term Assamese poem
653 ## - INDEX TERM--UNCONTROLLED
Uncontrolled term Adhunik asamiya kavita manjari
942 ## - ADDED ENTRY ELEMENTS (KOHA)
Koha item type Books
Holdings
Withdrawn status Lost status Damaged status Not for loan Home library Current library Shelving location Date acquired Total checkouts Full call number Barcode Date last seen Copy number Price effective from Koha item type
        Naharkatiya College Library Naharkatiya College Library General stacks 09/19/2020   891.4511 | BHA 10637 09/19/2020 1 09/19/2020 Books